|
|
|
|
| LEADER |
01208nam a2200289 a 4500 |
| 001 |
4629616 |
| 008 |
091028s1979 enk b 001 0 eng d |
| 010 |
|
|
|a 78040632
|
| 020 |
|
|
|a 0080233678 (Hard cover)
|
| 020 |
|
|
|a 008023366X (Flexi cover)
|
| 040 |
|
|
|a DLC
|c DLC
|d DLC
|
| 082 |
0 |
0 |
|a 330.9
|2 18
|
| 100 |
1 |
|
|a Tévoédjrè, Albert,
|d 1929-
|
| 245 |
1 |
0 |
|a Poverty, wealth of mankind /
|c by Albert Tévoédjrè ; foreword by Jan Tinbergen and Dom Helder Camara.
|
| 260 |
|
|
|a Oxford ;
|a New York :
|b Pergamon Press,
|c c1979.
|
| 300 |
|
|
|a xiv, 182 p. ;
|c 22 cm.
|
| 490 |
0 |
|
|a Systems science and world order library
|
| 490 |
0 |
|
|a Pergamon international library of science, technology, engineering, and social studies
|
| 504 |
|
|
|a Bibliography: p. 177-178.
|
| 500 |
|
|
|a Includes index.
|
| 541 |
1 |
|
|e 00000112
|
| 650 |
|
0 |
|a Economic development.
|
| 650 |
|
0 |
|a Poverty.
|
| 650 |
|
0 |
|a International economic relations.
|
| 852 |
4 |
|
|a Ayesha Abed Library
|j General Shelf
|
| 999 |
|
|
|c 5400
|d 5400
|
| 952 |
|
|
|0 0
|1 0
|2 ddc
|4 0
|6 330_900000000000000_TEV_1979
|7 0
|9 5258
|a BRACUL
|b BRACUL
|c GEN
|d 2009-11-10
|g 0.00
|l 2
|m 11
|o 330.9 TEV
|p 3010000112
|r 2020-01-21
|s 2019-03-11
|t 1
|w 2009-11-10
|y BK
|x No price found in the accession register.
|